Los Angeles Angels Managers by Picture - Statistics

General Stats
  • This quiz has been taken 20 times
  • The average score is 10 of 23
Answer Stats
Picture Hint Answer % Correct
1996 | 1999 | 2020-2022 Joe Maddon
100%
2000-2018 Mike Scioscia
100%
2024-Present Ron Washington
100%
2019 Brad Ausmus
79%
1978-1981 Jim Fregosi
79%
1974-1976 Dick Williams
71%
1981-1982 | 1985-1987 Gene Mauch
71%
1983-1984 | 1996 John McNamara
57%
1974 Whitey Herzog
57%
1997-1999 Terry Collins
43%
1961-1969 Bill Rigney
36%
1991-1992 | 1993-1994 Buck Rodgers
36%
2022-2023 Phil Nevin
36%
1977-1978 Dave Garcia
29%
1988 Cookie Rojas
21%
1989-1991 Doug Rader
21%
1973-1974 Bobby Winkles
14%
1972 Del Rice
14%
1992 John Wathan
14%
1969-1971 Lefty Phillips
14%
1992 | 1994-1996 Marcel Lachemann
14%
1988 Moose Stubing
14%
1976-1977 Norm Sherry
14%
No matching quizzes found
Score Distribution
Percent of People with Each Score
Percentile by Number Answered
Your Score History
You have not taken this quiz